[Event "CRO-chT2 Center 26th"]
[Site "Croatia"]
[Date "2017.04.02"]
[Round "3.45"]
[White "Lovrekovic, Kristijan"]
[Black "Margeta, Zeljko"]
[Result "1-0"]
[WhiteElo "2050"]
[BlackElo "2062"]
[PlyCount "55"]
[EventDate "2017.03.26"]
[EventType "team-tourn"]
[EventRounds "11"]
[EventCountry "CRO"]
[SourceTitle "EXT 2019"]
[Source "ChessBase"]
[SourceDate "2018.10.10"]
[SourceVersion "1"]
[SourceVersionDate "2018.10.10"]
[SourceQuality "1"]

1. e4 c5 2. Nf3 Nc6 3. d4 cxd4 4. Nxd4 Qb6 5. Nb3 Nf6 6. Nc3 d6 7. Be3 Qc7 8. h3 a6 9. Qd2 Ne5 10. 0-0-0 Be6 11. Nd4 Bc4 12. b3 Bxf1 13. Rhxf1 Rc8 14. Nd5 Nxd5 15. exd5 g6 16. f4 Nd7 17. Kb1 Bg7 18. c4 Nf6 19. f5 Ne4 20. Qc2 Nc5 21. fxg6 hxg6 22. Ne6 Nxe6 23. dxe6 f5 24. g4 b5 25. gxf5 bxc4 26. f6 exf6 27. Qxg6+ Kd8 28. Bb6 1-0

[Event "CRO-chT2 Center 26th"]
[Site "Croatia"]
[Date "2017.04.02"]
[Round "4.35"]
[White "Margeta, Zeljko"]
[Black "Toplak, Juraj"]
[Result "0-1"]
[WhiteElo "2062"]
[BlackElo "2004"]
[PlyCount "92"]
[EventDate "2017.03.26"]
[EventType "team-tourn"]
[EventRounds "11"]
[EventCountry "CRO"]
[SourceTitle "EXT 2019"]
[Source "ChessBase"]
[SourceDate "2018.10.10"]
[SourceVersion "1"]
[SourceVersionDate "2018.10.10"]
[SourceQuality "1"]

1. d4 Nf6 2. Nf3 g6 3. c3 Bg7 4. h3 d6 5. Bf4 Nbd7 6. e3 c6 7. Be2 0-0 8. 0-0 Qc7 9. a4 e5 10. Bh2 Re8 11. Re1 a5 12. Na3 Nb6 13. c4 e4 14. Nd2 Qe7 15. Qb3 Nbd7 16. Nc2 h6 17. Qa3 d5 18. Bd6 Qe6 19. c5 Bf8 20. Bg3 Nh7 21. Qc3 f5 22. f3 Ndf6 23. f4 Re7 24. Rf1 Rg7 25. Kf2 Be7 26. Rg1 Nf8 27. b4 axb4 28. Nxb4 Bd8 29. Nb3 Bc7 30. a5 g5 31. a6 gxf4 32. Bh4 fxe3+ 33. Kxe3 Ng6 34. Bxf6 Bf4+ 35. Kf2 e3+ 36. Kf1 Qxf6 37. g3 Bxg3 38. Rxg3 Qh4 39. Qe1 f4 40. axb7 Bxb7 41. Rxa8+ Bxa8 42. Qa1 Qxg3 43. Nd3 Nh4 44. Qxa8+ Kh7 45. Bg4 f3 46. Bxf3 Qxf3+ 0-1

[Event "CRO-chT2 Center 26th"]
[Site "Croatia"]
[Date "2017.03.26"]
[Round "1.35"]
[White "Cenkovcan, Andrija"]
[Black "Margeta, Zeljko"]
[Result "1-0"]
[WhiteElo "2030"]
[BlackElo "2062"]
[PlyCount "83"]
[EventDate "2017.03.26"]
[EventType "team-tourn"]
[EventRounds "11"]
[EventCountry "CRO"]
[SourceTitle "EXT 2019"]
[Source "ChessBase"]
[SourceDate "2018.10.10"]
[SourceVersion "1"]
[SourceVersionDate "2018.10.10"]
[SourceQuality "1"]

1. e4 c5 2. Nf3 Nc6 3. Bb5 a6 4. Bxc6 bxc6 5. 0-0 d5 6. Re1 Bg4 7. h3 Bxf3 8. Qxf3 e6 9. Nc3 Be7 10. d3 Nf6 11. Qg3 0-0 12. Bg5 Re8 13. Rad1 Qb8 14. Qxb8 Raxb8 15. Na4 Nd7 16. Bf4 e5 17. Bg3 Bd6 18. b3 g6 19. f3 f5 20. Bf2 d4 21. c3 Nb6 22. Nxb6 Rxb6 23. exf5 Kf7 24. fxg6+ hxg6 25. Re4 a5 26. Rde1 Reb8 27. f4 a4 28. fxe5 axb3 29. axb3 Be7 30. e6+ Ke8 31. cxd4 Rxb3 32. dxc5 Rxd3 33. Rg4 g5 34. h4 Rd5 35. h5 Bxc5 36. Bxc5 Rxc5 37. e7 Kf7 38. Rge4 Re8 39. Rf1+ Kg8 40. Re6 Rd5 41. Rg6+ Kh7 42. Rf7+ 1-0

[Event "CRO-chT2 Center 26th"]
[Site "Croatia"]
[Date "2017.03.26"]
[Round "2.45"]
[White "Margeta, Zeljko"]
[Black "Martic, Josip"]
[Result "0-1"]
[WhiteElo "2062"]
[BlackElo "2020"]
[PlyCount "120"]
[EventDate "2017.03.26"]
[EventType "team-tourn"]
[EventRounds "11"]
[EventCountry "CRO"]
[SourceTitle "EXT 2019"]
[Source "ChessBase"]
[SourceDate "2018.10.10"]
[SourceVersion "1"]
[SourceVersionDate "2018.10.10"]
[SourceQuality "1"]

1. d4 g6 2. Nf3 Bg7 3. c3 d6 4. Bf4 Nd7 5. e3 e5 6. Bg3 Ne7 7. h3 0-0 8. Qb3 Nc6 9. Be2 h6 10. Nbd2 Kh8 11. Rd1 Qe7 12. dxe5 Ndxe5 13. 0-0 Be6 14. Qa3 f5 15. Nd4 Bd7 16. Rfe1 a6 17. N2f3 Rae8 18. Nxc6 Bxc6 19. Nd4 Bd7 20. Nf3 Nf7 21. Qa5 Rc8 22. Qb4 Rb8 23. Bd3 g5 24. Qa5 b6 25. Qb4 a5 26. Qb3 Ne5 27. Nxe5 dxe5 28. Bb5 Be6 29. Qa4 Qf7 30. f4 gxf4 31. exf4 e4 32. Bh4 Rg8 33. Kh2 Kh7 34. Rd2 Bf8 35. Bd7 Bd6 36. Bxe6 Qxe6 37. g3 Rg6 38. Qb3 Rbg8 39. Qxe6 Rxe6 40. Rd5 Kg6 41. Kg2 c6 42. Rd2 Kh5 43. Rf1 a4 44. Rd4 b5 45. Rd2 e3 46. Re2 Re4 47. Kf3 Bxf4 48. gxf4 Kxh4 49. Rg2 e2 50. Re1 Rxf4+ 51. Kxf4 Rxg2 52. Kf3 Kxh3 53. Rh1+ Rh2 54. Re1 h5 55. b3 a3 56. c4 bxc4 57. bxc4 c5 58. Rb1 e1Q 59. Rxe1 Rxa2 60. Re5 Rb2 0-1

[Event "CRO-chT2 Center 25th"]
[Site "Croatia"]
[Date "2016.04.10"]
[Round "3.34"]
[White "Pavic, Filip"]
[Black "Margeta, Zeljko"]
[Result "0-1"]
[WhiteElo "2237"]
[BlackElo "2084"]
[PlyCount "106"]
[EventDate "2016.03.13"]
[EventType "team-tourn"]
[EventRounds "11"]
[EventCountry "CRO"]
[SourceTitle "EXT 2019"]
[Source "ChessBase"]
[SourceDate "2018.10.10"]
[SourceVersion "1"]
[SourceVersionDate "2018.10.10"]
[SourceQuality "1"]

1. e4 c5 2. Nf3 Nc6 3. d4 cxd4 4. Nxd4 d6 5. Nc3 Nf6 6. Bc4 Bd7 7. Bb3 Rc8 8. 0-0 Na5 9. f4 Nc4 10. Kh1 g6 11. Qe2 Qc7 12. Re1 e5 13. Nf3 Bg7 14. Bxc4 Qxc4 15. fxe5 dxe5 16. Qxc4 Rxc4 17. Nxe5 Rc5 18. Nxd7 Nxd7 19. Be3 Rxc3 20. bxc3 Bxc3 21. Red1 Bxa1 22. Rxa1 b6 23. h4 Ke7 24. Bd4 Rc8 25. c3 Nc5 26. Re1 Na4 27. Ra1 b5 28. Bxa7 Rxc3 29. Rb1 Rc7 30. Be3 Nc3 31. Rc1 b4 32. Bb6 Rb7 33. Bc5+ Ke6 34. g3 Nxe4 35. Bd4 b3 36. Kg2 f5 37. Rb1 Kd5 38. Bb2 Kc4 39. Rd1 Ra7 40. Kf3 Rxa2 41. Bg7 Rh2 42. g4 b2 43. Bxb2 Rxb2 44. gxf5 gxf5 45. Rh1 Kd5 46. Kf4 Rb7 47. Rh3 Rf7 48. Rh2 Ke6 49. Rh3 Nf6 50. Rh1 Rg7 51. Re1+ Ne4 52. Rh1 Rg4+ 53. Kf3 Ke5 0-1

[Event "CRO-chT2 Center"]
[Site "Zagreb"]
[Date "2012.03.18"]
[Round "1.66"]
[White "Blagojevic, Marijan"]
[Black "Margeta, Zeljko"]
[Result "1/2-1/2"]
[WhiteElo "2127"]
[BlackElo "2056"]
[PlyCount "65"]
[EventDate "2012.03.18"]
[EventType "team-swiss"]
[EventRounds "11"]
[EventCountry "CRO"]
[SourceTitle "EXT 2014"]
[Source "ChessBase"]
[SourceDate "2013.11.20"]
[SourceVersion "1"]
[SourceVersionDate "2013.11.20"]
[SourceQuality "1"]

1. d4 Nf6 2. c4 c5 3. d5 g6 4. Nc3 Bg7 5. e4 d6 6. h3 Na6 7. Nf3 0-0 8. Bd3 Nd7 9. 0-0 Nc7 10. Bf4 f6 11. Qd2 Ne5 12. Nxe5 fxe5 13. Bg5 Bd7 14. a3 a5 15. b3 Rb8 16. a4 Qe8 17. Rae1 Bf6 18. Bh6 Bg7 19. Be3 Rf7 20. Bc2 Rd8 21. f4 Qf8 22. Ne2 b6 23. Ng3 exf4 24. Bxf4 Bd4+ 25. Kh2 Qg7 26. Bh6 Bc3 27. Rxf7 Kxf7 28. Rf1+ Kg8 29. Bxg7 Bxd2 30. Bb2 Bh6 31. e5 Bg7 32. Re1 Na6 33. Ba1 1/2-1/2

[Event "CRO-chT2 Center"]
[Site "Zagreb"]
[Date "2010.10.17"]
[Round "9.26"]
[White "Margeta, Zeljko"]
[Black "Kovacic, Damir"]
[Result "0-1"]
[WhiteElo "2071"]
[BlackElo "2020"]
[PlyCount "76"]
[EventDate "2010.03.21"]
[EventType "team-tourn"]
[EventRounds "11"]
[EventCountry "CRO"]
[SourceTitle "EXT 2012"]
[Source "ChessBase"]
[SourceDate "2011.11.24"]
[SourceVersion "1"]
[SourceVersionDate "2011.11.24"]
[SourceQuality "1"]

1. d4 c6 2. Nf3 Nf6 3. c3 d5 4. Bf4 Bf5 5. h3 e6 6. Qb3 b6 7. Nbd2 Bd6 8. Ne5 0-0 9. e3 Ne4 10. Ndf3 c5 11. Qd1 f6 12. Nd3 Nc6 13. a3 e5 14. dxe5 fxe5 15. Ndxe5 Bxe5 16. Bb5 Nxc3 17. bxc3 Bxc3+ 18. Kf1 Na5 19. Ra2 Be4 20. Bd3 Qe7 21. Qc2 Bf6 22. Bxe4 dxe4 23. Nd2 Rfe8 24. Ke2 Rad8 25. Rb1 Qf7 26. Kf1 Qd5 27. Kg1 Qe6 28. Rb5 Nc6 29. Qc4 Rd5 30. Rc2 g5 31. Bg3 h5 32. h4 gxh4 33. Bf4 Kg7 34. Qe2 h3 35. gxh3 Qxh3 36. Qf1 Qh4 37. Qg2+ Kf7 38. Nxe4 Rd1+ 0-1

[Event "CRO-chT2b"]
[Site "Croatia"]
[Date "2009.03.08"]
[Round "4"]
[White "Margeta, Zeljko"]
[Black "Klem, Davor"]
[Result "1/2-1/2"]
[WhiteElo "2055"]
[BlackElo "2028"]
[PlyCount "45"]
[EventDate "2009.03.01"]
[EventType "team-tourn"]
[EventRounds "11"]
[EventCountry "CRO"]
[SourceTitle "EXT 2010"]
[Source "ChessBase"]
[SourceDate "2010.11.25"]
[SourceVersion "1"]
[SourceVersionDate "2010.11.25"]
[SourceQuality "1"]

1. d4 Nc6 2. Nf3 d6 3. Bf4 Nf6 4. h3 Bf5 5. c3 e6 6. e3 Be7 7. Nbd2 Ne4 8. Nxe4 Bxe4 9. Bd3 Bxd3 10. Qxd3 Bf6 11. 0-0 0-0 12. Bg3 Re8 13. e4 e5 14. d5 Ne7 15. c4 Ng6 16. Rac1 b6 17. b4 a5 18. b5 a4 19. Ne1 Nf8 20. Qe2 Nd7 21. Nd3 Bg5 22. Rc2 g6 23. f3 1/2-1/2

[Event "Bizovac Metalis op 16th"]
[Site "Bizovac"]
[Date "2009.02.20"]
[Round "3"]
[White "Margeta, Zeljko"]
[Black "Buric, Danijel"]
[Result "0-1"]
[WhiteElo "2058"]
[BlackElo "2208"]
[PlyCount "94"]
[EventDate "2009.02.19"]
[EventType "swiss"]
[EventRounds "7"]
[EventCountry "CRO"]
[SourceTitle "CBM 128 Extra"]
[Source "ChessBase"]
[SourceDate "2009.03.05"]
[SourceVersion "2"]
[SourceVersionDate "2009.03.25"]
[SourceQuality "1"]

1. d4 c5 2. Nf3 Nf6 3. c3 e6 4. Bg5 d5 5. e3 a6 6. a4 Nc6 7. Nbd2 cxd4 8. exd4 Bd6 9. Bd3 h6 10. Bh4 g5 11. Bg3 Qc7 12. Qe2 Bf4 13. Bxf4 Qxf4 14. g3 Qc7 15. Rc1 g4 16. Nh4 Nxd4 17. Qe3 Nc6 18. 0-0 Qe7 19. Qb6 Qd8 20. Qc5 Nd7 21. Qd6 Qg5 22. Rcd1 Nde5 23. Bc2 Qe7 24. Qxe7+ Kxe7 25. Rfe1 b5 26. axb5 axb5 27. f4 gxf3 28. Ndxf3 Nxf3+ 29. Nxf3 Kf6 30. Nd4 Nxd4 31. Rxd4 Ra2 32. Rb4 Bd7 33. Bd3 Ke7 34. Re5 Kd6 35. Rh5 Kc5 36. g4 f6 37. h4 Be8 38. Kf2 Ra4 39. Bxb5 Rxb4 40. Bxe8 Rxb2+ 41. Kf3 Rxe8 42. Rxh6 e5 43. Rxf6 e4+ 44. Ke3 Rh2 45. h5 Rh3+ 46. Ke2 e3 47. h6 Rh2+ 0-1

[Event "Bizovac Metalis op 15th"]
[Site "Bizovac"]
[Date "2008.02.23"]
[Round "6"]
[White "Medak, Bojan"]
[Black "Margeta, Zeljko"]
[Result "1-0"]
[WhiteElo "2373"]
[BlackElo "2098"]
[PlyCount "79"]
[EventDate "2008.02.21"]
[EventType "swiss"]
[EventRounds "7"]
[EventCountry "CRO"]
[SourceTitle "CBM 122 Extra"]
[Source "ChessBase"]
[SourceDate "2008.03.04"]
[SourceVersion "1"]
[SourceVersionDate "2008.03.04"]
[SourceQuality "1"]

1. d4 Nf6 2. g3 d5 3. Bg2 c6 4. Nf3 Bf5 5. Nbd2 e6 6. Nh4 Bg4 7. h3 Bh5 8. g4 Bg6 9. Nxg6 hxg6 10. e4 Qb6 11. c3 Be7 12. Qe2 dxe4 13. Nxe4 Nbd7 14. Ng5 Nd5 15. 0-0 Bxg5 16. Bxg5 0-0 17. c4 N5f6 18. Rfd1 Rfe8 19. Be3 Qa6 20. Rd2 Rad8 21. b3 Nb6 22. Rad1 Rd7 23. g5 Nh7 24. h4 Qa5 25. Be4 Nf8 26. h5 Red8 27. Kg2 Nc8 28. Bf4 Ne7 29. Be5 Nf5 30. Bxf5 exf5 31. h6 gxh6 32. Bf6 Rc8 33. Rh1 Nh7 34. Rxh6 Nxf6 35. gxf6 Qd8 36. Qe5 Rd6 37. Rd3 Qxf6 38. Rdh3 Qxe5 39. dxe5 Rdd8 40. Rh8+ 1-0

[Event "Bizovac Metalis op 13th"]
[Site "Bizovac"]
[Date "2006.02.25"]
[Round "5"]
[White "Margeta, Zeljko"]
[Black "Zelcic, Robert"]
[Result "0-1"]
[WhiteElo "2110"]
[BlackElo "2514"]
[PlyCount "68"]
[EventDate "2006.02.23"]
[EventType "swiss"]
[EventRounds "7"]
[EventCountry "CRO"]
[SourceTitle "CBM 110 Extra"]
[Source "ChessBase"]
[SourceDate "2006.03.10"]
[SourceVersion "2"]
[SourceVersionDate "2006.03.10"]
[SourceQuality "1"]

1. d4 Nf6 2. Nf3 c5 3. c3 e6 4. Bg5 h6 5. Bh4 b6 6. e3 Bb7 7. Be2 Be7 8. Nbd2 0-0 9. 0-0 Ne4 10. Bxe7 Qxe7 11. a4 f5 12. a5 d6 13. Qb3 Nd7 14. Ra3 cxd4 15. exd4 Kh8 16. axb6 axb6 17. Rfa1 Rxa3 18. Rxa3 Nxd2 19. Nxd2 Bxg2 20. Kxg2 Qg5+ 21. Kf1 Qxd2 22. Ra7 Qc1+ 23. Kg2 Qg5+ 24. Kf1 Nf6 25. c4 Ne4 26. Qe3 Qh4 27. h3 Ng5 28. Ke1 f4 29. Qd3 Nxh3 30. Qf3 Ng5 31. Qb7 Rg8 32. Ra8 f3 33. Rxg8+ Kxg8 34. Qc8+ Kh7 0-1

[Event "Bizovac Metalis op 13th"]
[Site "Bizovac"]
[Date "2006.02.24"]
[Round "4"]
[White "Savic, Mihajlo"]
[Black "Margeta, Zeljko"]
[Result "1/2-1/2"]
[WhiteElo "2290"]
[BlackElo "2110"]
[PlyCount "27"]
[EventDate "2006.02.23"]
[EventType "swiss"]
[EventRounds "7"]
[EventCountry "CRO"]
[SourceTitle "CBM 110 Extra"]
[Source "ChessBase"]
[SourceDate "2006.03.10"]
[SourceVersion "2"]
[SourceVersionDate "2006.03.10"]
[SourceQuality "1"]

1. e4 c5 2. Nc3 d6 3. g3 Nf6 4. Bg2 g6 5. Nge2 Bg7 6. 0-0 0-0 7. d4 cxd4 8. Nxd4 Nbd7 9. h3 a6 10. Be3 Re8 11. Qd2 Ne5 12. b3 Qc7 13. f4 Nc6 14. Rad1 1/2-1/2

[Event "Belisce Metalis op 6th"]
[Site "Belisce"]
[Date "1999.02.24"]
[Round "1"]
[White "Cebalo, Miso"]
[Black "Margeta, Zeljko"]
[Result "1-0"]
[WhiteElo "2511"]
[BlackElo "2115"]
[PlyCount "85"]
[EventDate "1999.02.??"]
[EventType "swiss"]
[EventRounds "7"]
[EventCountry "CRO"]
[SourceTitle "EXT 2000"]
[Source "ChessBase"]
[SourceDate "1999.11.16"]
[SourceVersion "1"]
[SourceVersionDate "1999.11.16"]
[SourceQuality "1"]

1. c4 c5 2. Nf3 Nf6 3. Nc3 Nc6 4. d4 cxd4 5. Nxd4 d6 6. e4 a6 7. Be2 Bd7 8. 0-0 e6 9. Be3 Be7 10. Rc1 0-0 11. f3 Rc8 12. Qd2 Qc7 13. Nxc6 Bxc6 14. Nd5 Bxd5 15. cxd5 Qd7 16. dxe6 fxe6 17. Bc4 b5 18. Bb3 Rxc1 19. Rxc1 Rc8 20. Rd1 Ne8 21. Qa5 Rc6 22. a4 Nc7 23. axb5 Nxb5 24. Qa2 Nc7 25. f4 Kh8 26. h3 Qc8 27. Bc4 Bf6 28. Qa4 Qa8 29. b3 Bc3 30. Rd3 Bf6 31. Qa5 Qb7 32. Qd2 Be7 33. Kh2 Qc8 34. Qa5 Qb7 35. Qh5 Rxc4 36. bxc4 Kg8 37. e5 d5 38. f5 exf5 39. Qxf5 Qc6 40. Qc8+ Kf7 41. cxd5 Qg6 42. e6+ Kf6 43. Bf4 1-0